| 000 | 02072nam0a22004451 4500 | ||
|---|---|---|---|
| 001 | v19\rc\1808918 | ||
| 005 | 20170210103009.0 | ||
| 035 | _a(NLR Aleph) 004909281 | ||
| 090 |
_a5459729 _c5459729 |
||
| 100 | _a20071224d1906 |||y0rusy50 ca | ||
| 101 | 1 |
_arus _cger |
|
| 102 | _aRU | ||
| 105 | _aa z ||||| | ||
| 200 | 1 |
_aМинералогия и геология _hЧ. 1 _iМинералогия и петрография / Пер. с нем. Б.Э. Райкова _hЧ. 2 _iГеология и палеонтология / Пер. с нем. С.К. Исакова. Под общ. ред. [и с предисл.] В.В. Битнера |
|
| 210 |
_aСанкт-Петербург _cВестн. знания (В.В. Битнер) _d1906 |
||
| 215 |
_a108 с. _cил. _d25 |
||
| 300 | _aПеред загл. авт.: проф. Пабст и проф. Зиперт | ||
| 300 | _aИз предисл.: "... выпускаем настоящую книжку, представляющую соединение двух соч.: проф. Пабста "Grundzüde der Mineralogie und Gesteinskunde"... и проф. Зиперта "Grundzüge der Geologíe..." | ||
| 700 | 1 |
_aПабст _bВ. _f1856-1909 _gВильгельм |
|
| 701 | 1 |
_aЗиперт _bП. _f1866- _gПауль |
|
| 702 | 1 |
_aРайков _bБ. Е. _f1880-1966 _gБорис Евгеньевич _3RU\NLR\AUTH\77104068 _4730 |
|
| 702 | 1 |
_aИсаков _bС. К. _f1875-1953 _gСергей Константинович _4730 |
|
| 702 | 1 |
_aБитнер _bВ. В. _f1865-1921 _gВильгельм Вильгельмович _4340 _4080 |
|
| 801 | 0 |
_aRU _bNLR _gpsbo |
|
| 801 | 0 |
_aRU _bRuMoRGB _2psbo |
|
| 801 | 1 |
_aRU _bProSoft-M _2rusmarc |
|
| 852 |
_aNLR _j34.84.6.951 |
||
| 899 |
_aRuMoRGB _jU 341/261 |
||
| 899 |
_aRuMoRGB _jS 41/598 |
||
| 899 |
_aRuMoRGB _jO 46/773 |
||
| 899 |
_aRuMoRGB _jРб 4/1634 |
||
| 899 |
_aRuMoRGB _jH 5/540 |
||
| 899 |
_aRuMoRGB _jКл 68/94 |
||
| 899 | _aБАН | ||
| 899 | _aНБ СПбГУ | ||
| 899 | _aНБ МГУ | ||
| 942 | _cBOOK | ||
| 980 | _aMONB | ||
| 980 | _aNB | ||